March of folly in Afghanistan: 1978-2001 (Record no. 9832)

MARC details
000 -LEADER
fixed length control field 00463nam a2200157Ia 4500
020 ## - INTERNATIONAL STANDARD BOOK NUMBER
ISBN 8173044619
082 ## - DEWEY DECIMAL CLASSIFICATION NUMBER
Classification number 958.1044 MEH-M
100 ## - MAIN ENTRY--AUTHOR NAME
Personal name Mehta, Jagat S.
245 #0 - TITLE STATEMENT
Title March of folly in Afghanistan: 1978-2001
260 ## - PUBLICATION, DISTRIBUTION, ETC. (IMPRINT)
Place of publication New Delhi
Name of publisher Manohar Publishers
Year of publication 2002
300 ## - PHYSICAL DESCRIPTION
Number of Pages 224p
504 ## - BIBLIOGRAPHY, ETC. NOTE
Bibliography, etc includes bibliography
650 ## - SUBJECT ADDED ENTRY--TOPICAL TERM
Topical Term Afghanistan
Form subdivision Politics and government
Geographic subdivision 1973-1989
650 ## - SUBJECT ADDED ENTRY--TOPICAL TERM
Topical Term Afghanistan
Form subdivision Politics and government
Geographic subdivision 1989-2001
942 ## - ADDED ENTRY ELEMENTS (KOHA)
Koha item type Books
Source of classification or shelving scheme Dewey Decimal Classification
Holdings
Withdrawn status Lost status Damaged status Not for loan Collection code Home library Current library Date acquired Source of acquisition Bill Date Full call number Accession Number Price effective from Koha item type
        Docas Books NASSDOC Library NASSDOC Library 30/12/2016 Gifted by : DOCAS Collection 2004-10-22 958.1044 MEH-M D001593 18/04/2019 Books